000 01091cam a2200301 a 4500
001 125548
003 ARRUPE
005 20130924125010.0
008 970429s1995 enk b 000 0 eng
010 _a 97144932
020 _a0232521085
035 _a(DLC) 97144932
040 _aDLC
_cDLC
_dDLC
050 0 0 _aBX1912
_b.R535 1995
100 1 _aRichards, Michael,
_d1924-
_9903
245 1 2 _aA people of priests :
_bthe ministry of the Catholic Church /
_cMichael Richards ; foreword by Basil Hume.
260 _aLondon :
_bDarton, Longman & Todd,
_c1995.
300 _a148 p. ;
_c20 cm.
504 _aIncludes bibliographical references (p. [144]-148).
610 2 0 _aCatholic Church
_xClergy.
_9904
650 0 _aPriesthood.
_9905
650 0 _aPriesthood, Universal.
_9906
650 0 _aPastoral theology
_xCatholic Church.
_9907
650 0 _aCatholic Church
_xClergy
_9908
906 _a7
_bcbc
_corignew
_d3
_encip
_f19
_gy-gencatlg
942 _2lcc
_cMONOGRAPH
999 _c117955
_d117955